<?xml version="1.0" encoding="UTF-8"?><OAI-PMH xmlns="http://www.openarchives.org/OAI/2.0/" xmlns:xsi="http://www.w3.org/2001/XMLSchema-instance"     xsi:schemaLocation="http://www.openarchives.org/OAI/2.0/ http://www.openarchives.org/OAI/2.0/OAI-PMH.xsd"><responseDate>2026-07-02T02:25:59Z</responseDate><request verb="GetRecord" identifier="oai:regmurcia.com:fintegr.2825" metadataPrefix="marc21">http://oai.regmurcia.com/oai2/oai2.php</request><GetRecord><record><header><identifier>oai:regmurcia.com:fintegr.2825</identifier><datestamp>2026-07-02</datestamp><setSpec>documentos</setSpec></header><metadata><record  xmlns="http://www.loc.gov/MARC21/slim" xmlns:xsi="http://www.w3.org/2001/XMLSchema-instance" xsi:schemaLocation="http://www.loc.gov/MARC21/slim http://www.loc.gov/standards/marcxml/schema/MARC21slim.xsd" type="Bibliographic"><leader>00000nam a2200000   4500</leader><controlfield tag="001" >005194295</controlfield><controlfield tag="003" >2825</controlfield><controlfield tag="004" >A00000000</controlfield><datafield tag="245" ind1=" " ind2=" "><subfield code="a">Cédula de Felipe IV al concejo de Murcia concediendo licencia para que puedan comprar cereales en Botoya y otras partes de la Berbería.</subfield></datafield><datafield tag="300" ind1=" " ind2=" "><subfield code="a">Fol. 95-96</subfield></datafield><datafield tag="300" ind1=" " ind2=" "><subfield code="c">305 x 210 mm.</subfield></datafield><datafield tag="300" ind1=" " ind2=" "><subfield code="a">2 fol.</subfield></datafield><datafield tag="351" ind1=" " ind2=" "><subfield code="a">Unidad Documental Simple</subfield><subfield code="c">Archivo de Murcia. Array</subfield><subfield code="a">Unidad Documental Simple</subfield><subfield code="c">Archivo de Murcia. Array</subfield></datafield><datafield tag="351" ind1=" " ind2=" "><subfield code="b">Doc. 63</subfield></datafield><datafield tag="520" ind1=" " ind2=" "><subfield code="a">Felipe IV concede al concejo de Murcia, a causa de la escasez, licencia para poder comprar cereales en Botoya y otras partes de la Berbería por periodo de un año. Ordena que las personas encargadas de la compra registren ante el corregidor de la ciudad y las justicias de los puertos  la cantidad de trigo que se disponen a comprar y el dinero que van a destinar a tal fin. Ordena al corregidor y justicias de los puertos que remitan al Consejo Real relación de la cantidad de cereales adquiridos junto al precio de compra. Manda a las justicias de los puertos que permitan pasar libremente los cereales traídos.</subfield></datafield><datafield tag="583" ind1=" " ind2=" "><subfield code="u">http://www.regmurcia.com/servlet/s.Sl?METHOD=VERDOCUMENTO&amp;sit=serv,Carmesi&amp;n=/01/5170/indice.djvu</subfield></datafield><datafield tag="592" ind1=" " ind2=" "><subfield code="a">1650-07-21</subfield></datafield><datafield tag="592" ind1=" " ind2=" "><subfield code="d">1650-07-21 00:00:00</subfield></datafield><datafield tag="651" ind1=" " ind2=" "><subfield code="a">Madrid</subfield></datafield><datafield tag="786" ind1=" " ind2=" "><subfield code="o">http://www.regmurcia.com/servlet/s.Sl?METHOD=VERDOCUMENTO&amp;sit=serv,Carmesi&amp;n=/01/5170/indice.djvu</subfield></datafield><datafield tag="856" ind1=" " ind2=" "><subfield code="u">http://www.regmurcia.com/servlet/s.Sl?METHOD=DETALLE&amp;sit=c,373,m,139,serv,Carmesi&amp;id=2825</subfield></datafield></record></metadata></record></GetRecord></OAI-PMH>
